000 01964nam a22003974a 4500
001 ebr10296515
003 CaPaEBR
006 m u
007 cr cn|||||||||
008 071119s2008 njua sb 001 0 eng
010 _z 2007047646
015 _aGBA825057
_2bnb
016 7 _z101321317
_2DNLM
016 7 _z014536884
_2Uk
020 _z9780470275726 (cloth)
020 _z0470275723 (cloth)
040 _aCaPaEBR
_cCaPaEBR
035 _a(OCoLC)236486430
043 _an-us---
050 1 4 _aRA410.53
_b.R63 2008eb
082 0 4 _a338.4/33621
_222
100 1 _aRooney, J. Patrick,
_d1927-
245 1 0 _aAmerica's health care crisis solved
_h[electronic resource] :
_bmoney-saving solutions, coverage for everyone /
_cJ. Patrick Rooney and Dan Perrin.
260 _aHoboken :
_bWiley,
_cc2008.
300 _axxi, 242 p. :
_bill.
504 _aIncludes bibliographical references (p. 227-236) and index.
505 0 _aNo money, no healthcare -- Why the money's running out -- A new scarlet letter -- Why nationalized healthcare is no cure all -- Fair care -- Give seniors what they want (and save money doing it) -- Give control to consumers through HSAs -- Establish fair medical prices -- Make medical prices transparent -- Build risk pools -- Build a national marketplace -- Make basic healthcare cheaper and more convenient -- Do it right the first time -- Wrapping it all up.
533 _aElectronic reproduction.
_bPalo Alto, Calif. :
_cebrary,
_d2013.
_nAvailable via World Wide Web.
_nAccess may be limited to ebrary affiliated libraries.
650 0 _aMedical care, Cost of
_zUnited States.
650 0 _aHealth insurance
_zUnited States.
650 0 _aHealth care reform
_zUnited States.
655 7 _aElectronic books.
_2local
700 1 _aPerrin, Dan,
_d1963-
710 2 _aebrary, Inc.
856 4 0 _uhttp://site.ebrary.com/lib/rucke/Doc?id=10296515
_zAn electronic book accessible through the World Wide Web; click to view
999 _c77349
_d77349